| 000 | 00914nam0a2200313 i 4500 | ||
|---|---|---|---|
| 001 | RU\NLR\BIBL_A\011251519 | ||
| 005 | 20260406010628.0 | ||
| 010 |
_a9785904177201 _9200 |
||
| 021 |
_aRU _b2016-76322 _94960 |
||
| 035 | _a(NILC)RuMoRGB-008640263 | ||
| 035 | _a(NLR Aleph) 011251519 | ||
| 090 |
_a12169729 _c12169729 |
||
| 100 | _a20161021d2015 m y0rusy50 ca | ||
| 101 | 0 | _arus | |
| 102 | _aRU | ||
| 105 | _ay z 010gy | ||
| 200 | 1 |
_aПреддверие _f[Прем Дивья] |
|
| 210 |
_aСанкт-Петербург _cКирьянов _d2015 |
||
| 215 |
_a248 с. _d21 |
||
| 300 | _aАвт. указан на обл. | ||
| 675 | _a821.161.1 | ||
| 686 | 2 | _aШ6(2=Р)8-5 | |
| 700 | 0 |
_7ca _8rus _aПрем Дивья _999016 _3RU\NLR\AUTH\77116091 |
|
| 801 | 0 |
_aRU _bРГБ _c20161006 _gRCR |
|
| 942 | _cBOOK | ||
| 980 | _aNBR | ||